Kraje najbliższe Ugandzie - Statystyki

Ogólne statystyki
  • Ten quiz został rozwiązany 168 razy
  • Średni wynik to 15 z 20
Statystyki odpowiedzi
km kraj % Poprawnych
0 Dem Rep Konga
95%
0 Kenia
93%
589 Sudan
92%
195 Etiopia
90%
666 Somalia
87%
0 Rwanda
86%
1287 Kongo
85%
816 Zambia
83%
1205 Czad
82%
0 Tanzania
82%
1154 Erytrea
78%
414 Republika Środkowoafrykańska
75%
1231 Mozambik
74%
0 Sudan Południowy
73%
95 Burundi
71%
1143 Dżibuti
69%
1091 Angola
68%
942 Malawi
58%
1522 Kamerun
56%
1397 Jemen
35%
Nie znaleziono quizów pasujących do podanych kryteriów
Rozkład punktacji
Procent ludzi z każdym wynikiem
Percentyl według liczby udzielonych odpowiedzi
Twoja historia wyników
Nie rozwiązałeś tego quizu